header

Modern radio production : production, programming, and performance (Record no. 259146)

MARC details
000 -LEADER
fixed length control field 00357nam a22001097a 4500
020 ## - INTERNATIONAL STANDARD BOOK NUMBER
ISBN 0534561063
100 ## - MAIN ENTRY--AUTHOR NAME
Personal name Carl Hausman (Author), Philip Benoit (Author), Lewis B. O’Donnell (Author)
245 ## - TITLE STATEMENT
Title Modern radio production : production, programming, and performance
250 ## - EDITION STATEMENT
Edition statement 5th ed
260 ## - PUBLICATION, DISTRIBUTION, ETC. (IMPRINT)
Place of publication Belmont, CA
Name of publisher Wadsworth Pub. Co
Year of publication 2000
942 ## - ADDED ENTRY ELEMENTS (KOHA)
Koha item type Long Loan Books
Holdings
Withdrawn status Lost status Home library Current library Date acquired Full call number Accession Number Koha item type
    Rongo University Library Rongo University Library 04/09/2020 PN1991.75 .O36 2000 201612172 Long Loan Books

© 2026 Rongo University
Contact us: librarian | system librarian | Rongo university